000 00249pab a2200109 454500
008 180718b xxu||||| |||| 00| 0 eng d
100 _aSorabfee, Soli J
245 _aSacking Governors
650 _agovernor
773 _aHindustan Times
909 _a21790
999 _c21790
_d21790